[Event "Mario Covas 1st"]
[Site "Santos"]
[Date "2001.01.19"]
[Round "10"]
[White "Izeta Txabarri, Felix"]
[Black "Cruz, Ricardo Benares de"]
[Result "1/2-1/2"]
[WhiteElo "2448"]
[BlackElo "2276"]
[PlyCount "92"]
[EventDate "2001.01.29"]
[EventType "tourn"]
[EventRounds "11"]
[EventCountry "BRA"]
[EventCategory "8"]
[SourceTitle "CBM 082"]
[Source "ChessBase"]
[SourceDate "2001.05.17"]
[SourceVersion "1"]
[SourceVersionDate "2001.05.17"]
[SourceQuality "1"]

1. c4 e5 2. Nc3 Nc6 3. g3 g6 4. Bg2 Bg7 5. d3 d6 6. e4 f5 7. Nge2 Nh6 8. 0-0 0-0 9. f4 fxe4 10. dxe4 Be6 11. Nd5 Qd7 12. fxe5 Nxe5 13. Bxh6 Bxh6 14. Nf6+ Rxf6 15. Rxf6 Be3+ 16. Kh1 Ng4 17. Rf3 Rf8 18. Nf4 Nf2+ 19. Rxf2 Bxf2 20. e5 c6 21. exd6 Bc5 22. Qe1 Re8 23. b4 Bxd6 24. Nxe6 Rxe6 25. Qd2 Qe7 26. c5 Bc7 27. Rf1 Re2 28. Qc3 h5 29. a4 Re3 30. Qd4 a6 31. b5 axb5 32. axb5 Re1 33. bxc6 bxc6 34. Qf2 Rxf1+ 35. Bxf1 Qe4+ 36. Qg2 Qxg2+ 37. Bxg2 g5 38. Bxc6 h4 39. Kg2 Kg7 40. g4 Kf6 41. h3 Ke5 42. Bb5 Kd4 43. c6 Ke3 44. Ba4 Bd6 45. Bb3 Bc7 46. Bd1 Bd6 1/2-1/2

[Event "Mario Covas 1st"]
[Site "Santos"]
[Date "2001.01.18"]
[Round "9"]
[White "Izeta Txabarri, Felix"]
[Black "Lima, Darcy Gustavo Macha"]
[Result "1-0"]
[WhiteElo "2448"]
[BlackElo "2544"]
[PlyCount "131"]
[EventDate "2001.01.29"]
[EventType "tourn"]
[EventRounds "11"]
[EventCountry "BRA"]
[EventCategory "8"]
[SourceTitle "CBM 082"]
[Source "ChessBase"]
[SourceDate "2001.05.17"]
[SourceVersion "1"]
[SourceVersionDate "2001.05.17"]
[SourceQuality "1"]

1. d4 e6 2. c4 b6 3. e4 Bb7 4. d5 Ne7 5. Nc3 Ng6 6. Bd3 Na6 7. Nge2 Be7 8. 0-0 0-0 9. a3 Nc5 10. Bc2 a5 11. f4 d6 12. Be3 Bf6 13. b4 Nd7 14. Qd2 Qe7 15. Rad1 Rfd8 16. Nb5 Ndf8 17. Ned4 Bxd4 18. Nxd4 e5 19. Nf5 Qd7 20. Qc3 f6 21. g3 Qe8 22. Bc1 Bc8 23. Ne3 exf4 24. gxf4 Nh4 25. Qe1 Qh5 26. Qg3 axb4 27. axb4 Nfg6 28. Rde1 f5 29. Bb2 Ra2 30. Bd4 fxe4 31. Bxe4 Nf5 32. Nxf5 Bxf5 33. Bxf5 Qxf5 34. Re7 Rd7 35. Rxd7 Qxd7 36. f5 Ne5 37. Bxe5 dxe5 38. Qxe5 Qd6 39. Qe8+ Qf8 40. Qe6+ Kh8 41. f6 gxf6 42. Qxf6+ Qg7+ 43. Qxg7+ Kxg7 44. Re1 Kf7 45. Re6 Ra4 46. Rc6 Rxb4 47. Kf2 Rb2+ 48. Ke3 Rxh2 49. Rxc7+ Ke8 50. Rb7 Rh6 51. Kd4 Kd8 52. Kc3 Kc8 53. Rf7 Rh1 54. Kb4 Rb1+ 55. Ka4 h5 56. Rh7 Rb2 57. Rxh5 Rb1 58. Rh7 Rb2 59. Rh1 Kc7 60. Ka3 Rd2 61. Kb4 Rb2+ 62. Kc3 Rg2 63. Rh7+ Kc8 64. Re7 Rg4 65. Kb4 Kd8 66. Rb7 1-0

[Event "Euskadi-chTA"]
[Site "Euskadi"]
[Date "2000.11.25"]
[Round "2"]
[White "Limeres Guiance, Cristobal"]
[Black "Izeta Txabarri, Felix"]
[Result "1/2-1/2"]
[WhiteElo "2269"]
[BlackElo "2455"]
[PlyCount "105"]
[EventDate "2000.11.18"]
[EventType "team"]
[EventRounds "9"]
[EventCountry "ESP"]
[SourceTitle "EXT 2006"]
[Source "ChessBase"]
[SourceDate "2005.11.24"]
[SourceVersion "1"]
[SourceVersionDate "2005.11.24"]
[SourceQuality "1"]

1. d4 Nf6 2. c4 g6 3. Nc3 Bg7 4. e4 d6 5. Nge2 0-0 6. Ng3 c5 7. d5 e6 8. Be2 exd5 9. cxd5 a6 10. a4 Re8 11. 0-0 Nbd7 12. Qc2 Rb8 13. Rb1 h5 14. Bg5 Qc7 15. Rfc1 Nh7 16. Be3 h4 17. Nf1 h3 18. gxh3 Ndf6 19. h4 Bh3 20. f3 Bxf1 21. Rxf1 Qe7 22. Kh1 Nh5 23. Rg1 Qxh4 24. Rg4 Qe7 25. Rbg1 Qd7 26. R4g2 b5 27. axb5 axb5 28. f4 N5f6 29. f5 Nf8 30. Bg4 Qb7 31. fxg6 fxg6 32. Be6+ Nxe6 33. dxe6 b4 34. Rxg6 bxc3 35. Bh6 Qxe4+ 36. Qxe4 Nxe4 37. Bxg7 cxb2 38. Bxb2+ Kf8 39. Rf1+ Ke7 40. Rf4 Rxb2 41. Rxe4 d5 42. Ra4 Rc2 43. Ra5 Rc8 44. Ra7+ Kd6 45. e7+ Ke5 46. Rd7 Kf5 47. Rg2 Rc1+ 48. Rg1 Rxg1+ 49. Kxg1 Re8 50. Rxd5+ Ke6 51. Rxc5 Rxe7 52. h4 Kf6 53. Rg5 1/2-1/2